Statistics for All italian tennis players in top 100 ever

Click here to take the quiz!

General Stats

  • This quiz has been taken 17 times
    (12 since last reset)
  • The average score is 12 of 43

Answer Stats

# - YearAnswer% Correct
#14 - 2021Jannik Sinner
100%
#7 - 2019Matteo Berrettini
100%
#4 - 1976Adriano Panatta
82%
#9 - 2019Fabio Fognini
82%
#46 - 1984Claudio Panatta
73%
#57 - 2021Lorenzo Musetti
73%
#21 - 2020Lorenzo Sonego
55%
#36 - 2009Simone Bolelli
55%
#18 - 2013Andreas Seppi
45%
#7 - 1978Corrado Barazzutti
45%
#25 - 2007Filippo Volandri
45%
#16 - 2019Marco Cecchinato
36%
#27 - 2007Potito Starace
36%
#18 - 1995Andrea Gaudenzi
27%
#42 - 2005Davide Sanguinetti
27%
#67 - 1998Diego Nargiso
27%
#12 - 1973Paolo Bertolucci
27%
#42 - 1992Stefano Pescosolido
27%
#84 - 2017Alessandro Giannessi
18%
#92 - 2002Federico Luzzi
18%
#66 - 2021Gianluca Mager
18%
#40 - 2001Gianluca Pozzi
18%
#18 - 1992Omar Camporese
18%
#26 - 1989Paolo Canè
18%
#33 - 2017Paolo Lorenzi
18%
#60 - 2021Stefano Travaglia
18%
#100 - 1999Vincenzo Santopadre
18%
#26 - 1991Cristiano Caratti
9%
#49 - 2006Daniele Bracciali
9%
#30 - 1979Gianni Ocleppo
9%
#19 - 1996Renzo Furlan
9%
#76 - 2020Salvatore Caruso
9%
#27 - 1977Tonino Zugarelli
9%
#68 - 2007Alessio Di Mauro
0%
#71 - 1987Claudio Pistolesi
0%
#70 - 2012Flavio Cipolla
0%
#21 - 1985Francesco Cancellotti
0%
#44 - 1974Martin Mulligan
0%
#96 - 1997Marzio Martelli
0%
#77 - 1988Massimiliano Narducci
0%
#60 - 1986Simone Colombo
0%
#99 - 2007Stefano Galvani
0%
#70 - 2017Thomas Fabbiano
0%

Score Distribution

Percentile by Number Answered

Percent of People with Each Score

Your Score History

You have not taken this quiz since the last reset